Eight plays from off-off Broadway, (Record no. 137975)
[ view plain ]
| 000 -LEADER | |
|---|---|
| fixed length control field | 01468cam5a220026501 4500 |
| 001 - CONTROL NUMBER | |
| control field | lce00588518 |
| 005 - DATE AND TIME OF LATEST TRANSACTION | |
| control field | 20190822130602.0 |
| 008 - FIXED-LENGTH DATA ELEMENTS--GENERAL INFORMATION | |
| fixed length control field | 711028s1966 inua 000 0 eng |
| 010 ## - LIBRARY OF CONGRESS CONTROL NUMBER | |
| LC control number | 66027887 //r91 |
| 035 ## - SYSTEM CONTROL NUMBER | |
| System control number | (Sirsi) r10124 |
| 035 ## - SYSTEM CONTROL NUMBER | |
| System control number | (DLC) 66027887 //r91 |
| 035 ## - SYSTEM CONTROL NUMBER | |
| System control number | (UPRA)lce00588518 |
| 040 ## - CATALOGING SOURCE | |
| Original cataloging agency | DLC |
| Transcribing agency | DLC |
| Modifying agency | DLC |
| 050 00 - LIBRARY OF CONGRESS CALL NUMBER | |
| Classification number | PS634 |
| Item number | .O7 |
| 082 00 - DEWEY DECIMAL CLASSIFICATION NUMBER | |
| Classification number | 812/.5/408 |
| 100 1# - MAIN ENTRY--PERSONAL NAME | |
| Personal name | Orzel, Nick. |
| Linkage | A63630.1 |
| 245 10 - TITLE STATEMENT | |
| Title | Eight plays from off-off Broadway, |
| Statement of responsibility, etc. | edited by Nick Orzel and Michael Smith. With an introd. by Michael Smith. |
| 260 ## - PUBLICATION, DISTRIBUTION, ETC. | |
| Place of publication, distribution, etc. | Indianapolis, |
| Name of publisher, distributor, etc. | Bobbs-Merrill |
| Date of publication, distribution, etc. | [1966] |
| 505 0# - FORMATTED CONTENTS NOTE | |
| Formatted contents note | The general returns from one place to another, by F. O'Hara.--Notes on the Caffe Cino, by J. Cino.--The madness of Lady Bright, by L. Wilson.--Notes on Theatre Genesis, by R. Cook.--Chicago, by S. Shepard.--Notes on Judson Poets' Theatre, by A. Carmines.--The great American desert, by J. Oppenheimer.--Notes on La Mama Experimental Theatre Club, by E. Stewart.--Balls, by P. Foster.--America hurrah, by J. C. van Itallie.--Notes on the Open Theatre, by J. Chaikin.--The successful life of 3, by M. I. Fornes.--Calm down, mother, by M. Terry. |
| 650 #0 - SUBJECT ADDED ENTRY--TOPICAL TERM | |
| Topical term or geographic name entry element | American drama -- 20th century. |
| Chronological subdivision | American drama -- 20th century. |
| Linkage | S35146.1 |
| 650 #0 - SUBJECT ADDED ENTRY--TOPICAL TERM | |
| Topical term or geographic name entry element | Off Off-Broadway theater. |
| Linkage | S49435.1 |
| 700 1# - ADDED ENTRY--PERSONAL NAME | |
| Personal name | Smith, Michael Townsend, 1938- |
| Dates associated with a name | Smith, Michael Townsend, 1938- |
| Linkage | A63631.1 |
| 949 ## - LOCAL PROCESSING INFORMATION (OCLC) | |
| a | PS634 |
| w | lcc |
| i | -1846 |
| m | MAIN |
| t | BOOK |
| l | ON-SHELF |
No items available.